Can you name every Justin Bieber songs ? - Statistics

General Stats
  • This quiz has been taken 15 times
  • The average score is 46 of 220
Answer Stats
Album Answer % Correct
My World 2.0 Baby
92%
Ghost
85%
Sorry
85%
Beauty And A Beat
77%
My World One Time
77%
What Do You Mean?
77%
What Do You Mean? - Acoustic
77%
DAISIES
69%
Never Say Never - The Remixes Never Say Never
69%
One Less Lonely Girl
69%
One Less Lonely Girl - french vocal
69%
Peaches
69%
Believe
62%
Boyfriend
62%
Changes
62%
Mistletoe
62%
Purpose
62%
SWAG
62%
That Should Be Me
62%
Believe All Around The World
54%
As Long As You Love Me
54%
Be Alright
54%
Somebody
54%
Somebody To Love
54%
U Smile
54%
YUKON
54%
Yummy
54%
Yummy - Summer Walker Remix
54%
All That Matters
46%
2016 Cold Water
46%
Fall
46%
Favorite Girl
46%
Journals Heartbreaker
46%
Love Me
46%
Love Yourself
46%
Maria
46%
All I Want For Christmas Is You
38%
Company
38%
Confident
38%
Eenie Meenie
38%
Hailey
38%
Holy
38%
I DO
38%
Intentions
38%
Never Let You Go
38%
Pray
38%
Take You
38%
2019 10,000 Hours
31%
Justice 2 Much
31%
SWAG ALL I CAN TAKE
31%
Anyone
31%
Bad Day
31%
Bigger
31%
Children
31%
Down To Earth
31%
Drummer Boy
31%
EVERYTHING HALLELUJAH
31%
Fa La La
31%
Fa La La - A Cappella
31%
Flatline
31%
Hold On
31%
Off My Face
31%
Overboard
31%
Recovery
31%
Roller Coaster
31%
She Don't Like The Lights
31%
SWAG II SPEED DEMON
31%
2021 STAY
31%
Up
31%
Believe Acoustic Yellow Raincoat
31%
Backpack
23%
Born To Be Somebody
23%
Catching Feelings
23%
Christmas Eve
23%
2017 Despacito
23%
[EP] Freedom. (2021) Freedom
23%
2017 Friends
23%
GO BABY
23%
I'll Show You
23%
2017 I'm The One
23%
I Would
23%
Life Is Worth Living
23%
Lonely
23%
Purpose (Deluxe) Mark My Words
23%
Memphis
23%
MOTHER IN YOU
23%
No Pressure
23%
Nothing Like Us
23%
PYD
23%
Justice (The Complete Edition) Red Eye
23%
Right Here
23%
Stuck In The Moment
23%
WALKING AWAY
23%
2019 bad guy
15%
2022 Beautiful Love (Free Fire)
15%
Been You
15%
BUTTERFLIES
15%
Under The Mistletoe (Deluxe Edition) Christmas Love
15%
Die In Your Arms
15%
First Dance
15%
Habitual
15%
Hold Tight
15%
2019 I Don't Care
15%
2016 Let me Love You
15%
Lifetime
15%
Name
15%
2011 Next To You
15%
No Sense
15%
One Love
15%
Runaway Love
15%
Santa Claus Is Coming To Town
15%
2023 Snooze
15%
2020 Stuck with U
15%
SWEET SPOT
15%
Thought Of You
15%
TOO LONG
15%
We Are
15%
Where Are Ü Now
15%
2017 2U
8%
405
8%
Changes All Around Me
8%
All Bad
8%
All In It
8%
All I Want Is You
8%
As I Am
8%
Available
8%
BETTER MAN
8%
Change Me
8%
Come Around Me
8%
Confirmation
8%
2016 Deja Vu
8%
Deserve You
8%
DEVOTION
8%
2021 Don't Go
8%
DOTTED LINE
8%
2021 Essence
8%
E.T.A.
8%
EYE CANDY
8%
FIRST PLACE
8%
FORGIVENESS
8%
Get Me
8%
GLORY VOICE MEMO
8%
Home This Christmas
8%
I THINK YOU'RE SPECIAL
8%
Loved By You
8%
Love You Different
8%
2020 Monster
8%
2020 Mood (Remix)
8%
2018 No Brainer
8%
One Life
8%
Under The Mistletoe Only Thing I Ever Get For Christmas
8%
Silent Night
8%
Someday At Christmas
8%
STANDING ON BUISNESS
8%
Swap It Out
8%
2013 #thatPOWER
8%
The Christmas Song
8%
The Feeling
8%
Trust
8%
Afraid To Say
0%
All She Wrote
0%
ALL THE WAY
0%
Angels Speak
0%
Singles, EP and collaborations Answer
0%
At Least For Now
0%
2022 attention
0%
BAD HONEY
0%
DADZ LOVE
0%
Die For You
0%
2019 Don't Check On Me
0%
DON'T WANNA
0%
Fairytale
0%
Forever
0%
Get Used To It
0%
2018 Hard 2 Face Reality
0%
2022 Honest
0%
I Can't Be Myself
0%
2022 I Feel Funny
0%
Know No Better
0%
2021 Let It Go
0%
2021 lonely christmas
0%
LOVE SONG
0%
2019 Love Thru the Computer
0%
LYIN'
0%
2015 Maria I'm Drunk
0%
MLK Interlude
0%
MOVING FAST
0%
NEED IT
0%
OH MAN
0%
OPEN UP YOUR HEART
0%
Believe (Deluxe Edition) Out Of Town Girl
0%
PETTING ZOO
0%
POPPIN' MY S***
0%
2023 Private landing
0%
2020 Rockin' Around The Christmas Tree
0%
Running Over
0%
SAFE SPACE
0%
Second Emotion
0%
SOULFUL
0%
STORY OF GOD
0%
Take It Out On Me
0%
That's What Love Is
0%
THERAPY SESSION
0%
Justice (Triple Chucks Deluxe) There She Go
0%
THINGS YOU DO
0%
2012 Turn To You (Mother's Day Dedication)
0%
Unstable
0%
2022 up at night
0%
2013 Wait For A Minute
0%
2022 Wandered To LA
0%
WAY IT IS
0%
We're In This Together
0%
What's Hatnin'
0%
2021 What You See
0%
WHEN IT'S OVER
0%
Where Do I Fit In
0%
Where You Go I Follow
0%
Wish You Would
0%
WITCHYA
0%
ZUMA HOUSE
0%
No matching quizzes found
Score Distribution
Percent of People with Each Score
Percentile by Number Answered
Your Score History
You have not taken this quiz